000 00790nam a2200217 i 4500
001 107264
003 ES-MaACL
005 20240509185815.0
007 t|
008 061121s1967 sp r ||||1| spa d
080 _a271:262.5 Vat.II
100 1 _aMorán, José
_c(O.S.A.)
_983103
245 1 0 _aSellados para la santidad :
_b[comentario teológico-agustiniano al decreto Perfectal Caritatis del Concilio Vaticano II] /
_cJosé Morán, O.S.A.
260 _aValladolid :
_b[s.n.],
_c1967 (
_fGráf. Lafalpoo)
300 _a248 p. ;
_c21 cm.
490 1 _aArchivo Teológico Agustiniano ;
_v7
650 4 _aÓrdenes y congregaciones religiosas
_915747
830 1 _aArchivo Teológico Agustiniano ;
_v7
_9232884
852 4 _aES-MaACL
_jC-32432
999 _c107264
_d107264